00557nam a2200193Ia 450000500170000000800410001702000300005804000190008804100120010708200170011910000200013624500500015626000260020630000110023250400480024365000280029165100330031985000110035220240314093254.0131103s9999 xx 000 0 und d a0 7619 9537 4cRs.395.00 aLoreto College aEnglish a372.21 bVIR aViruru, Radhika aEarly Childhood Education, cRadhika, Viruru aNew Delhibsagec2001 a189p.  aIncludes bibliographical references & index aNursery schools - India aIndia - Elementary education aLCLIB